John Muir's last journey : (Record no. 12675)

000 -LEADER
fixed length control field 00714cam a22001934a 4500
020 ## - INTERNATIONAL STANDARD BOOK NUMBER
ISBN 1559636408 (cloth : alk. paper)
040 ## - CATALOGING SOURCE
Transcribing agency DLC
082 00 - DEWEY DECIMAL CLASSIFICATION NUMBER
Classification number 508 ISL 2001 A034 Or.
-- B
100 1# - MAIN ENTRY--AUTHOR NAME
Personal name Muir, John,
245 10 - TITLE STATEMENT
Title John Muir's last journey :
Remainder of title south to the Amazon and east to Africa : unpublished journals and selected correspondence /
260 ## - PUBLICATION, DISTRIBUTION, ETC. (IMPRINT)
Place of publication Washington :
Name of publisher Island Press/Shearwater Books,
Year of publication 2001.
300 ## - PHYSICAL DESCRIPTION
Number of Pages lii, 337 p. :
Other physical details ill., maps ;
Dimensions 24 cm.
650 #0 - SUBJECT ADDED ENTRY--TOPICAL TERM
Topical Term Natural history
650 #0 - SUBJECT ADDED ENTRY--TOPICAL TERM
Topical Term Natural history
700 1# - ADDED ENTRY--PERSONAL NAME
Personal name Branch, Michael P.
856 41 - ELECTRONIC LOCATION AND ACCESS
Uniform Resource Identifier http://www.loc.gov/catdir/toc/fy022/2001001808.html
856 42 - ELECTRONIC LOCATION AND ACCESS
Uniform Resource Identifier http://www.loc.gov/catdir/enhancements/fy0666/2001001808-d.html
942 ## - ADDED ENTRY ELEMENTS (KOHA)
Koha item type សៀវភៅភាសាអង់គ្លេស
952 ## - LOCATION AND ITEM INFORMATION (KOHA)
Withdrawn status [LOCAL, KOHA] 0
Holdings
Permanent Location Date acquired Koha item type Lost status Shelving location Barcode Current Location Full call number
Library Block A2017-08-16សៀវភៅភាសាអង់គ្លេស A034A17326Library Block A508 ISL 2001 A034 Or.
មជ្ឈមណ្ឌលឯការនៃសាកលវិទ្យាល័យភូមិន្ទកសិកម្មចំការដូង

Powered by Koha